Collection FAO développement statistique N.5b Directives concernant la collecte de données statistiques structurelles sur l'aquaculture supplément relatif au programme du recensement mondial de l'agriculture de l'an 2000
Bewaard in:
| Hoofdauteur: | |
|---|---|
| Formaat: | Boek |
| Taal: | Undetermined |
| Gepubliceerd in: |
Rome
FAO
1998
|
| Onderwerpen: | |
| Tags: |
Voeg label toe
Geen labels, Wees de eerste die dit record labelt!
|
| Thư viện lưu trữ: | Trung tâm Học liệu Trường Đại học Cần Thơ |
|---|
| LEADER | 00709nam a2200193Ia 4500 | ||
|---|---|---|---|
| 001 | CTU_33939 | ||
| 008 | 210402s9999 xx 000 0 und d | ||
| 082 | |a 630.715 | ||
| 082 | |b F218/N5b | ||
| 100 | |a K J Rana | ||
| 245 | 0 | |a Collection FAO développement statistique N.5b | |
| 245 | 0 | |b Directives concernant la collecte de données statistiques structurelles sur l'aquaculture supplément relatif au programme du recensement mondial de l'agriculture de l'an 2000 | |
| 245 | 0 | |c K J Rana, FAO | |
| 260 | |a Rome | ||
| 260 | |b FAO | ||
| 260 | |c 1998 | ||
| 650 | |a agriculture - study and teaching | ||
| 904 | |i Nguyễn Quang Điền, 991118 | ||
| 980 | |a Trung tâm Học liệu Trường Đại học Cần Thơ | ||